Countries that start with Unused Letters - Statistics

General Stats
  • This quiz has been taken 50 times
  • The average score is 22 of 25
Answer Stats
Hint Answer % Correct
D Denmark
100%
F France
98%
Z Zambia
98%
O Oman
96%
Q Qatar
96%
Y Yemen
94%
H Haiti
91%
J Jordan
91%
V Venezuela
91%
D Djibouti
89%
H Honduras
89%
V Vanuatu
89%
V Vatican City
89%
Z Zimbabwe
89%
R Rwanda
87%
V Vietnam
87%
J Jamaica
85%
D Dominica
83%
F Finland
83%
H Hungary
83%
J Japan
83%
F Fiji
81%
R Russia
81%
R Romania
79%
D Dominican Republic
77%
No matching quizzes found
Score Distribution
Percent of People with Each Score
Percentile by Number Answered
Your Score History
You have not taken this quiz